They made revolution within the revolution : (Record no. 41870)

MARC details
000 -LEADER
fixed length control field 00839nam a22002177a 4500
005 - DATE AND TIME OF LATEST TRANSACTION
control field 20100814122129.0
010 ## - LCCN (DPL NO)
LC control number ENG-100354
020 ## - INTERNATIONAL STANDARD BOOK NUMBER
International Standard Book Number 9788190633048
Terms of availability 25.00
035 ## - SYSTEM CONTROL NUMBER
System control number EN-83886
037 ## - SOURCE OF ACQUISITION
Source of stock number/acquisition DBAD/PUB
082 ## - DEWEY DECIMAL CLASSIFICATION NUMBER
Classification number 306.2
100 ## - MAIN ENTRY--PERSONAL NAME
Personal name Hunter, Iris
245 ## - TITLE STATEMENT
Title They made revolution within the revolution :
Remainder of title the story of China's great poletarian cultural revolution /
Statement of responsibility, etc by Iris Hunter
260 ## - PUBLICATION, DISTRIBUTION, ETC. (IMPRINT)
Place of publication, distribution, etc Lucknow
Name of publisher, distributor, etc Rahul Foundation
Date of publication, distribution, etc 2008
270 ## - ADDRESS
Address 69, Baba Ka Purwa, Paper Mill Road, Nishatgunj
City Lucknow
Postal code 226006
300 ## - PHYSICAL DESCRIPTION
Extent 71p.
Dimensions 20cm (pbk)
650 ## - SUBJECT ADDED ENTRY--TOPICAL TERM
Topical term or geographic name as entry element Cultural revolution
650 ## - SUBJECT ADDED ENTRY--TOPICAL TERM
Topical term or geographic name as entry element Political science
942 ## - ADDED ENTRY ELEMENTS (KOHA)
Source of classification or shelving scheme Dewey Decimal Classification
Item type English Books
Classification part 306.2
Call number suffix HUN
Holdings
Withdrawn status Lost status Not for loan Collection code Home library Current library Date acquired Source of acquisition Cost, normal purchase price Full call number Barcode Copy number Cost, replacement price Koha item type
    Not For Loan Non-fiction D.B.Act.Division D.B.Act.Division 14/08/2010 DBAD/PUB 25.00 306.2 HUN EN-83886 1 25.00 English Books

© Delhi Public Library
Hit Counter
free hit counter